000 00914nas a2200289 4500
001 BR2018001110
003 BR-BrBNA
005 20231205131333.0
007 ta
008 230509b bl.|||p| |||| 00| 00por d
040 _aBR-BrBNA
_bpor
_cBiblioteca Nacional de Agricultura
041 _a(En)
072 _aL01
100 1 _aBizotto, L. de A.
100 1 _aSantos, R.S.S. dos
100 1 _aBoff, M.I.C.
245 1 _aFood resources and population pattern in Apis mellifera hives used for apple pollination
650 _aABELHA
650 _aCOLMEIA
650 _aPOLINIZAÇÃO
650 _aPOMAR
650 _aAPICULTURA
773 0 _tPesquisa Agropecuária Brasileira (Brazil)
_xISSN 1678-3921
_g(Apr 2018), v. 53(4) p. 399-404
_wBR2018001110
856 4 0 _uhttp://seer.sct.embrapa.br/index.php/pab/article/view/25103/14171
909 _a202311
_bLúcia
_c55
_dLúcia Elande
942 _2AGRIS
_n0
_cANA
999 _c254258
_d254258